000 00605cam a22002293a 4500
001 29707
003 PGUSA
005 20140828083637.0
008 090816s2009||||xxu|||||s|||||000 1 eng d
040 _aPGUSA
_beng
042 _adc
050 4 _aPT
100 1 _aWitt, Otto,
_d1875-1923
245 1 0 _aJordens Inre
_h[electronic resource] /
_cOtto Witt
260 _bProject Gutenberg,
_c2009
506 _aPublic domain in the USA.
516 _aElectronic text
653 _aScience fiction
830 0 _aProject Gutenberg
_v29707
856 4 0 _uhttp://www.gutenberg.org/ebooks/29707
942 _cEB
999 _c258962
_d258962